[Event "Naantali Avoin op"]
[Site "Naantali"]
[Date "2016.07.06"]
[Round "4"]
[White "Nieminen, Markus"]
[Black "Linden, Lari"]
[Result "0-1"]
[WhiteElo "1982"]
[BlackElo "2139"]
[PlyCount "86"]
[EventDate "2016.07.04"]
[EventType "swiss"]
[EventRounds "9"]
[EventCountry "FIN"]
[SourceTitle "EXT 2017"]
[Source "ChessBase"]
[SourceDate "2016.10.25"]
[SourceVersion "1"]
[SourceVersionDate "2016.10.25"]
[SourceQuality "1"]

1. e4 c5 2. Nf3 e6 3. d4 cxd4 4. Nxd4 Nc6 5. Nb5 d6 6. Bf4 e5 7. Be3 Nf6 8. Bg5 a6 9. N5c3 Be7 10. Bxf6 Bxf6 11. Nd2 Be6 12. Nc4 Be7 13. Nd5 b5 14. Nxe7 Kxe7 15. Ne3 Rc8 16. Be2 Qa5+ 17. Qd2 Qxd2+ 18. Kxd2 Rhd8 19. Rhd1 d5 20. Nxd5+ Bxd5 21. exd5 Nb4 22. c3 Nxd5 23. Kc2 Rc5 24. a4 b4 25. c4 Nf4 26. Rxd8 Kxd8 27. Rd1+ Ke7 28. Bf1 a5 29. g3 Ne6 30. Rd5 Rxd5 31. cxd5 Nc5 32. Bb5 Kd6 33. Bc6 e4 34. Kd2 f5 35. Ke3 Ke5 36. f3 exf3 37. Kxf3 Nd3 38. Ke3 Nxb2 39. Bd7 Kxd5 40. Bxf5 Nxa4 41. Bxh7 Kc4 42. Kd2 b3 43. h4 Nc3 0-1

[Event "Naantali Avoin op"]
[Site "Naantali"]
[Date "2016.07.05"]
[Round "2"]
[White "Nieminen, Markus"]
[Black "Kiik, Kalle"]
[Result "1/2-1/2"]
[WhiteElo "1982"]
[BlackElo "2393"]
[PlyCount "88"]
[EventDate "2016.07.04"]
[EventType "swiss"]
[EventRounds "9"]
[EventCountry "FIN"]
[SourceTitle "EXT 2017"]
[Source "ChessBase"]
[SourceDate "2016.10.25"]
[SourceVersion "1"]
[SourceVersionDate "2016.10.25"]
[SourceQuality "1"]

1. e4 c5 2. Nf3 a6 3. d4 cxd4 4. Nxd4 e5 5. Nb3 Nf6 6. Bc4 Nc6 7. Be3 Bb4+ 8. c3 Be7 9. a4 0-0 10. f3 d6 11. 0-0 Be6 12. Bd5 Bxd5 13. exd5 Nb8 14. Qd3 Nbd7 15. a5 Nh5 16. Na3 f5 17. Nc4 Qe8 18. f4 Qg6 19. Rae1 Bh4 20. Re2 Rae8 21. fxe5 dxe5 22. Nc5 e4 23. Qd2 Nxc5 24. Bxc5 Bg5 25. Qc2 Nf4 26. Bxf8 Nxe2+ 27. Qxe2 Rxf8 28. Re1 Bh4 29. g3 Be7 30. Kh1 h5 31. Rd1 Rd8 32. d6 Bxd6 33. Nxd6 Rxd6 34. Rxd6 Qxd6 35. Qxh5 g6 36. Qg5 Kg7 37. h4 Qd1+ 38. Kg2 Qc2+ 39. Kh3 Qb1 40. Qd2 Qh1+ 41. Qh2 Qe1 42. Qc2 Kf6 43. Kg2 Ke5 44. Qf2 Qd1 1/2-1/2

[Event "FIN-chT2 Gp1 1516"]
[Site "Finland"]
[Date "2015.11.07"]
[Round "4.4"]
[White "Haanila, Erkki"]
[Black "Nieminen, Markus"]
[Result "1/2-1/2"]
[WhiteElo "1907"]
[BlackElo "1985"]
[PlyCount "43"]
[EventDate "2015.09.12"]
[EventType "team-tourn"]
[EventRounds "6"]
[EventCountry "FIN"]
[SourceTitle "EXT 2017"]
[Source "ChessBase"]
[SourceDate "2016.10.25"]
[SourceVersion "1"]
[SourceVersionDate "2016.10.25"]
[SourceQuality "1"]
[WhiteTeam "Salo SalSK II"]
[BlackTeam "Turku SY"]
[WhiteTeamCountry "FIN"]
[BlackTeamCountry "FIN"]

1. d4 Nf6 2. Nf3 d5 3. Bg5 Ne4 4. Bh4 c6 5. Nbd2 Qa5 6. c3 Bf5 7. Qb3 Qb6 8. e3 Nxd2 9. Nxd2 Nd7 10. Be2 e5 11. Bg3 Bd6 12. 0-0 Qxb3 13. axb3 Ke7 14. b4 a6 15. Nb3 exd4 16. Bxd6+ Kxd6 17. exd4 Rae8 18. Bf3 Re7 19. Rfe1 Rhe8 20. Rxe7 Rxe7 21. g4 Be4 22. Kg2 1/2-1/2

[Event "Naantali op"]
[Site "Naantali"]
[Date "2015.07.01"]
[Round "4"]
[White "Paronen, Petteri"]
[Black "Nieminen, Markus"]
[Result "1/2-1/2"]
[WhiteElo "2154"]
[BlackElo "1985"]
[PlyCount "39"]
[EventDate "2015.06.29"]
[EventType "swiss"]
[EventRounds "9"]
[EventCountry "FIN"]
[SourceTitle "EXT 2016"]
[Source "ChessBase"]
[SourceDate "2015.10.08"]
[SourceVersion "1"]
[SourceVersionDate "2015.10.08"]
[SourceQuality "1"]

1. e4 e5 2. Nf3 Nc6 3. Bb5 a6 4. Ba4 Nf6 5. Qe2 Be7 6. d3 b5 7. Bb3 d6 8. c3 0-0 9. h3 Bb7 10. Nbd2 Re8 11. Nf1 d5 12. Ng3 dxe4 13. dxe4 Na5 14. Bc2 Bf8 15. Bg5 Qd6 16. 0-0 h6 17. Be3 Nc4 18. Bc1 Qc6 19. Nd2 Nxd2 20. Bxd2 1/2-1/2

[Event "Turku TuTS Weekend A"]
[Site "Turku"]
[Date "2014.11.29"]
[Round "3"]
[White "Nieminen, Markus"]
[Black "Tocklin, Tomi"]
[Result "1-0"]
[WhiteElo "1952"]
[BlackElo "1857"]
[PlyCount "71"]
[EventDate "2014.11.28"]
[EventType "swiss"]
[EventRounds "5"]
[EventCountry "FIN"]
[SourceTitle "EXT 2022"]
[Source "ChessBase"]
[SourceDate "2021.10.06"]
[SourceVersion "1"]
[SourceVersionDate "2021.10.06"]
[SourceQuality "1"]

1. e4 c6 2. d4 d5 3. e5 c5 4. dxc5 Nc6 5. Nf3 Bg4 6. Bb5 e6 7. Be3 Nge7 8. c3 Nf5 9. Bd4 Be7 10. h3 Bxf3 11. Qxf3 0-0 12. Bxc6 bxc6 13. 0-0 Nxd4 14. cxd4 f6 15. Qg4 Qd7 16. f4 fxe5 17. fxe5 Rxf1+ 18. Kxf1 Rf8+ 19. Kg1 Rf5 20. Nd2 Qb7 21. Rb1 Qa6 22. Qd1 Qxa2 23. Qb3 Qxb3 24. Nxb3 Bg5 25. Rd1 Be3+ 26. Kh1 Rf2 27. Rd3 Bg5 28. Na5 Rxb2 29. Nxc6 Ra2 30. Rb3 a5 31. Na7 a4 32. Rb8+ Kf7 33. c6 Rc2 34. Rb7+ Kg6 35. c7 Bf4 36. c8Q 1-0

[Event "Naantali op"]
[Site "Naantali"]
[Date "2014.07.02"]
[Round "4"]
[White "Hurme, Harri M"]
[Black "Nieminen, Markus"]
[Result "1-0"]
[WhiteElo "2186"]
[BlackElo "1974"]
[PlyCount "89"]
[EventDate "2014.06.30"]
[EventType "swiss"]
[EventRounds "9"]
[EventCountry "FIN"]
[SourceTitle "CBM 161 Extra"]
[Source "ChessBase"]
[SourceDate "2014.08.29"]
[SourceVersion "1"]
[SourceVersionDate "2014.08.29"]
[SourceQuality "1"]

1. d4 Nf6 2. c4 c6 3. Nc3 d5 4. cxd5 cxd5 5. Bf4 Nc6 6. e3 e6 7. Bd3 Bd6 8. Nf3 Bxf4 9. exf4 Qb6 10. Qd2 Bd7 11. Ne2 Qb4 12. Ne5 Qxd2+ 13. Kxd2 Nb4 14. Bb1 Ke7 15. a3 Nc6 16. b4 Ne8 17. Nxc6+ Bxc6 18. f5 exf5 19. Bxf5 Nd6 20. Bd3 Nc4+ 21. Kc3 b5 22. h4 g6 23. h5 Kd6 24. Ng1 Ke7 25. Nf3 Kf6 26. g4 Rhe8 27. g5+ Ke6 28. Rh4 Re7 29. Rf4 Be8 30. Rf6+ Kd7 31. Bxc4 dxc4 32. Ne5+ Kc7 33. f4 Rb8 34. d5 Rd8 35. Kd4 Re6 36. hxg6 hxg6 37. Rh1 Rxf6 38. gxf6 Kd6 39. Rh8 c3 40. Nxf7+ Bxf7 41. Rxd8+ Kc7 42. Rh8 c2 43. Rh1 Kd6 44. Rc1 Bxd5 45. Rxc2 1-0

[Event "FIN-chT1 West 1314"]
[Site "Finland"]
[Date "2013.11.02"]
[Round "3.6"]
[White "Mannisto, Eero"]
[Black "Nieminen, Markus"]
[Result "1/2-1/2"]
[WhiteElo "2063"]
[BlackElo "1975"]
[PlyCount "69"]
[EventDate "2013.09.21"]
[EventType "team-tourn"]
[EventRounds "9"]
[EventCountry "FIN"]
[SourceTitle "EXT 2022"]
[Source "ChessBase"]
[SourceDate "2021.10.06"]
[SourceVersion "1"]
[SourceVersionDate "2021.10.06"]
[SourceQuality "1"]
[WhiteTeam "Vantaa EtVaS II"]
[BlackTeam "Turku SY"]
[WhiteTeamCountry "FIN"]
[BlackTeamCountry "FIN"]

1. e4 c5 2. Nf3 d6 3. d4 cxd4 4. Nxd4 Nf6 5. Nc3 a6 6. Bg5 e6 7. f4 Nc6 8. Nxc6 bxc6 9. e5 h6 10. Bh4 g5 11. fxg5 Nd5 12. Nxd5 cxd5 13. Qd4 Bg7 14. g6 Bxe5 15. gxf7+ Kf8 16. Bxd8 Bxd4 17. 0-0-0 Be3+ 18. Kb1 Kxf7 19. Bh4 Rg8 20. Bg3 Ke7 21. Be2 Bd7 22. Rhf1 d4 23. Bh4+ Bg5 24. Bxg5+ Rxg5 25. Rxd4 Rag8 26. g3 Bb5 27. c4 Be8 28. Rfd1 Bg6+ 29. Kc1 Rd8 30. g4 Re5 31. Kd2 h5 32. gxh5 Rxe2+ 33. Kxe2 Bxh5+ 34. Kf2 Bxd1 35. Rxd1 1/2-1/2

[Event "FIN-chT1 West 1314"]
[Site "Finland"]
[Date "2013.10.12"]
[Round "2.6"]
[White "Nieminen, Markus"]
[Black "Pasanen, Tuomo Tapio"]
[Result "1/2-1/2"]
[WhiteElo "1975"]
[BlackElo "2022"]
[PlyCount "81"]
[EventDate "2013.09.21"]
[EventType "team-tourn"]
[EventRounds "9"]
[EventCountry "FIN"]
[SourceTitle "EXT 2022"]
[Source "ChessBase"]
[SourceDate "2021.10.06"]
[SourceVersion "1"]
[SourceVersionDate "2021.10.06"]
[SourceQuality "1"]
[WhiteTeam "Turku SY"]
[BlackTeam "Helsinki I-HSK"]
[WhiteTeamCountry "FIN"]
[BlackTeamCountry "FIN"]

1. d4 d5 2. c4 c6 3. Nf3 Nf6 4. Nc3 e6 5. e3 Bd6 6. Qc2 Nbd7 7. a3 0-0 8. Bd3 dxc4 9. Bxc4 b5 10. Ba2 Bb7 11. 0-0 Qe7 12. h3 a6 13. Re1 Rfc8 14. Qe2 h6 15. Bd2 c5 16. Rac1 Ne4 17. Bb1 Nxd2 18. Nxd2 b4 19. axb4 cxd4 20. Qd3 Nf8 21. Qxd4 Rd8 22. Qg4 Bxb4 23. Qe2 Rd7 24. Red1 Rad8 25. Nf3 Qf6 26. Rxd7 Rxd7 27. Ne4 Qd8 28. Ne5 Rc7 29. Rd1 Qa8 30. Qg4 Be7 31. Nxf7 Kxf7 32. Qf4+ Ke8 33. Qxc7 Bxe4 34. Bxe4 Qxe4 35. Qc8+ Kf7 36. Qxa6 Qc2 37. Qa1 Bf6 38. Rb1 Kg6 39. Qa2 Nd7 40. Qa1 Kh7 41. Rf1 1/2-1/2

[Event "FIN-chT1 West 1314"]
[Site "Finland"]
[Date "2013.09.21"]
[Round "1.4"]
[White "Parkkinen, Jyrki"]
[Black "Nieminen, Markus"]
[Result "1-0"]
[WhiteElo "2194"]
[BlackElo "1975"]
[PlyCount "79"]
[EventDate "2013.09.21"]
[EventType "team-tourn"]
[EventRounds "9"]
[EventCountry "FIN"]
[SourceTitle "EXT 2022"]
[Source "ChessBase"]
[SourceDate "2021.10.06"]
[SourceVersion "1"]
[SourceVersionDate "2021.10.06"]
[SourceQuality "1"]
[WhiteTeam "Helsinki HSK"]
[BlackTeam "Turku SY"]
[WhiteTeamCountry "FIN"]
[BlackTeamCountry "FIN"]

1. Nf3 Nf6 2. d4 g6 3. c4 Bg7 4. Nc3 d5 5. cxd5 Nxd5 6. Bd2 0-0 7. Rc1 Nc6 8. e3 e5 9. Nxd5 Qxd5 10. Bc4 Qe4 11. d5 Nd4 12. 0-0 Nxf3+ 13. Qxf3 Qxf3 14. gxf3 Bd7 15. e4 Rfe8 16. Rfd1 Bf8 17. Be3 Kg7 18. Rc3 Bd6 19. Rdc1 f5 20. Rb3 f4 21. Bd2 Reb8 22. Bb5 Bh3 23. Ba5 Rc8 24. Bf1 Bxf1 25. Kxf1 Rab8 26. Bb4 b6 27. Rc6 Kf7 28. Bxd6 cxd6 29. Rbc3 Rxc6 30. Rxc6 Rb7 31. Rxd6 Rc7 32. a4 Rc1+ 33. Kg2 Rc7 34. b4 Kf8 35. Rc6 Re7 36. Kh3 Kf7 37. Kg4 Kg7 38. d6 Re8 39. Rc7+ Kf6 40. Rxh7 1-0